Normal view
MARC view
- VOGEL, ANDREES
Entry Personal Name
001 - CONTROL NUMBER
- control field: 55396
003 - CONTROL NUMBER IDENTIFIER
- control field: NUST
005 - DATE AND TIME OF LATEST TRANSACTION
- control field: 20210617121746.0
008 - FIXED-LENGTH DATA ELEMENTS
- fixed length control field: 210617|| aca||aabn | a|a d
040 ## - CATALOGING SOURCE
- Original cataloging agency: NUST
- Transcribing agency: NUST
100 ## - HEADING--PERSONAL NAME
- Personal name: VOGEL, ANDREES
670 ## - SOURCE DATA FOUND
- Source citation: Work cat.: (NUST): VOGEL, ANDREES., JAVA PROGRAMMING WITH COBRA /, 1998.
